Information Communication and Participation and Outreach For The Legislature (Record no. 443)
[ view plain ]
| 000 -LEADER | |
|---|---|
| fixed length control field | 00442nam a22001217a 4500 |
| 008 - FIXED-LENGTH DATA ELEMENTS--GENERAL INFORMATION | |
| fixed length control field | 230605b xxu||||| |||| 00| 0 eng d |
| 082 ## - DEWEY DECIMAL CLASSIFICATION NUMBER | |
| Classification number | 328.307 |
| Item number | CPST |
| 245 ## - TITLE STATEMENT | |
| Title | Information Communication and Participation and Outreach For The Legislature |
| Remainder of title | A manual of the Center for Parliamentary Studies and Training |
| Statement of responsibility, etc. | New York |
| 260 ## - PUBLICATION, DISTRIBUTION, ETC. (IMPRINT) | |
| Place of publication, distribution, etc. | New York |
| Name of publisher, distributor, etc. | State University |
| Date of publication, distribution, etc. | 2015 |
| 300 ## - PHYSICAL DESCRIPTION | |
| Extent | 202 |
| 710 ## - ADDED ENTRY--CORPORATE NAME | |
| Subordinate unit | State University |
| Location of meeting | New York |
| Date of meeting or treaty signing | 2015 |
| 942 ## - ADDED ENTRY ELEMENTS (KOHA) | |
| Source of classification or shelving scheme | Dewey Decimal Classification |
| Koha item type | Books |
| Withdrawn status | Lost status | Source of classification or shelving scheme | Damaged status | Not for loan | Home library | Current library | Date acquired | Total Checkouts | Full call number | Barcode | Date last seen | Price effective from | Koha item type |
|---|---|---|---|---|---|---|---|---|---|---|---|---|---|
| Dewey Decimal Classification | Bunge Tower Library | Bunge Tower Library | 06/05/2023 | 328.307 CPST | 1000134 | 06/05/2023 | 06/05/2023 | Books |
